000 01463cam a2200253 4500
001 J124857
008 111205n2003 000 0 eng u
035 _a(Sirsi) u124857
041 _aeng
050 _a711.52
_c18
110 _aSustainable Development Commission
_94213
245 _aMainstreaming sustainable regeneration
_ba call to action
260 _aLondon
_bSustainable Development Commission
_c2003
520 _aIn this report the Sustainable Development Commission advocates planning reform as the best opportunity to make sustainable development a mainstream practice. The Commission considers the Planning and Compulsory Purchase Bill a crucial vehicle for integrating sustainability with development and identifies criteria for sustainable regeneration, flags up examples of good practice and recommends ways of making such schemes mainstream.
650 _aSUSTAINABLE DEVELOPMENT
650 _aPLANNING REFORM
650 _aPLANNING AND COMPULSORY PURCHASE ACT 2004
650 _aREGENERATION
650 _aGOOD PRACTICE
690 _aENVIRONMENTAL AND LAND CONSULTANCY-SUSTAINABILITY-SUSTAINABLE DEVELOPMENT
856 _uhttps://www.sd-commission.org.uk/publications.php?id=145
_zView Pt 1 of the report free of charge at the report at www.sd-commission.org.uk
856 4 0 _uhttps://www.sd-commission.org.uk/publications.php?id=139
_zView Pt 2 of the report free of charge at the report at www.sd-commission.org.uk
942 _n0
999 _c103296
_d103296